Mots qui contiennent un double L (click quiz) - Statistiques

Statistiques générales
  • Ce quiz a été pris 31 fois
  • Le résultat moyen est 3 sur 8
Statistiques - réponses
Hint Réponse % Correct
Appelller 1
67%
Sourcilller 2
56%
Vollleyer 2
52%
Solllubilisation 1
44%
Trimballler 2
33%
Abbevilllien 2
33%
Tartignollle 1
22%
Villle Les 2
15%
Aucun quiz correspondant
Distribution des résultats
% des personnes avec chaque résultat
Percentile par nombre de réponses
Votre historique - résultats
Vous n’avez pas pris ce quiz